| 000 | 00878nas a2200277 4500 | ||
|---|---|---|---|
| 001 | BR2012007098 | ||
| 003 | BR-BrBNA | ||
| 005 | 20231205121215.0 | ||
| 007 | ta | ||
| 008 | 230509b bl.|||p| |||| 00| 00por d | ||
| 040 |
_aBR-BrBNA _bpor _cBiblioteca Nacional de Agricultura |
||
| 041 | _a(Pt) | ||
| 072 | _aP40; P01; E10 | ||
| 100 | 1 | _aDomingues, E.P. | |
| 100 | 1 | _aMagalhães, A.S. | |
| 100 | 1 | _aRuiz, R.M. | |
| 245 | 1 | _aCenários de mudanças climáticas e agricultura no Brasil: impactos econômicos na região nordeste | |
| 650 | _aCLIMA | ||
| 650 | _aMEIO AMBIENTE | ||
| 650 | _aECONOMIA AGRÍCOLA | ||
| 650 | _aIMPACTO AMBIENTAL | ||
| 650 | _aIMPACTO ECONÔMICO | ||
| 773 | 0 |
_tRevista Econômica do Nordeste (Brazil) _xISSN 0100-4956 _g(Apr-Jun 2011), v. 42(2) p. 229-246 _wBR2012007098 |
|
| 909 |
_a202311 _bLúcia _c55 _dLúcia Elande |
||
| 942 |
_2AGRIS _n0 _cANA |
||
| 999 |
_c222323 _d222323 |
||